Statistiche per Riconosci il Pokémon - Quiz n°10

Clicka qui per fare il quiz!

Statistiche generali

  • Questo quiz è stato fatto 2 volte
  • Il punteggio medio è 6 su 10

Statistiche sulle risposte

IndizioRisposta% Corretto
GenerazioneOttava
100%
Altezza1,6 m
50%
Sesso50% ♂, 50% ♀
50%
Peso66,6 kg
50%
Tasso di cattura90 (20.1%)
50%
AbilitàAnima Errante
50%
Tasso di allevamentoMedio-Veloce
50%
Stadio evoluzionePrima evoluzione
50%
PokémonRunerigus
50%
TipoTerra / Spettro
50%

Distribuzione punteggi

Percentile per numero di risposta

Percentuale di utenti per punteggio

I tuoi punteggi nel tempo

Non hai fatto questo quiz